Statistics for List of Batman Adversaries

Click here to take the quiz!

General Stats

  • This quiz has been taken 84 times
  • The average score is 17 of 25

Answer Stats

First AppearanceAnswer% Correct
Batman #1 (April 1940)Certifiably Insane; Prop-Based WeaponryThe Joker
97%
Batman #1 (April 1940)Expert Burglar and GymnastCatwoman
91%
Detective Comics #66 (Aug 1942)Bipolar Disgraced District AttorneyTwo-Face
91%
Batman #121 (Feb 1959)Refrigerated Exo-Suit; Cryogenic GunMr. Freeze
90%
World's Finest Comics #3 (Sept 1941)Creates Fear-Induced HallucinationsScarecrow
90%
Detective Comics #58 (Dec 1941)Avian-Inclined Criminal MastermindThe Penguin
88%
Batman #181 (June 1966)Toxin and Pheromone SecretionPoison Ivy
85%
Batman: Vengeance... #1 (Jan 1993)Chemically-Induced Strength and AgilityBane
81%
Detective Comics #40 (June 1940)Malleable Skin; ShapeshiftingClayface
79%
The Batman Adventures #12 (Sept 1993)Skilled Gymnast; Prop-Based WeaponryHarley Quinn
79%
Batman #59 (June 1950)Deadly Assassin; Skilled MarksmanDeadshot
73%
Batman #357 (Mar 1983)Reptilian Teeth, Claws, and SkinKiller Croc
73%
Batman #232 (June 1971)Immortality; Leader of Ninja GuildRa's al Ghul
73%
Detective Comics #400 (June 1970)Chipoteran TransformationMan-Bat
69%
Detective Comics #140 (Oct 1948)Genius-Level Intellect; On the SpectrumThe Riddler
69%
Detective Comics #36 (Feb 1940)Doctor of PsychologyDr. Hugo Strange
63%
Detective Comics #184 (June 1952)Jet Pack; FlamethrowerFirefly
63%
Batman #49 (Oct 1948)Utilizes Mind-Control and ManipulationMad Hatter
57%
Detective Comics #259 (Sept 1958)Obsessed with ChronologyCalendar Man
51%
Batman #609 (Jan 2003)Master of Disguise; Skilled MarksmanHush
48%
Batman: Shadow... #1 (June 1992)Psychotic Killer; Master Knife-WielderVictor Zsasz
48%
Batman #386 (Aug 1985)Crime Lord; Hypnotic SuggestionBlack Mask
45%
All-American Comics #61 (Oct 1944)Unnatural Strength/Stamina; ImmortalitySolomon Grundy
40%
Batman #63 (Feb 1951)Winged Flight Suit; Web-Like SecretionKiller Moth
37%
Detective Comics #583 (Feb 1988)Crime Lord; Dissociative Identity DisorderVentriloquist
22%

Score Distribution

Percentile by Number Answered

Percent of People with Each Score

Your Score History

You have not taken this quiz